| 000 | 00950cam a2200313 i 4500 | ||
|---|---|---|---|
| 001 | 12407 | ||
| 003 | BD-RjUL | ||
| 005 | 20211208235304.0 | ||
| 008 | 1401 t1977 enka b 000 0 eng | ||
| 020 | _a0713125942 | ||
| 020 | _a0713125950 (pbk.) | ||
| 035 | _a(BD-RjUL)12456 | ||
| 040 |
_aDLC _cDLC _dDLC _dBD-RjUL _beng |
||
| 041 | _aeng | ||
| 082 | 0 | 0 |
_a597.0526 _216 _bMCE 1977 |
| 100 | 1 |
_aMcConnell, Ro _938546 |
|
| 245 | 1 | 0 |
_aEcology of fishes in tropical waters / _cR. H. Lowe-McConnell. |
| 260 |
_aLondon : _bArnold, _c1977. |
||
| 300 |
_a64 p. : _bill. ; _c22 cm. |
||
| 490 | 1 |
_aThe Institute of Biology's Studies in biology ; _vno. 76 |
|
| 504 | _aBibliography: p. [63]-64. | ||
| 650 | 0 |
_aFishes _xEcology _zTropics. _938547 |
|
| 650 | 0 |
_aFishes _xEcology. _938548 |
|
| 830 | 0 |
_vno. 76. _938553 |
|
| 830 | 0 |
_aInstitute of Biology's studies in biology ; _938554 |
|
| 942 |
_2ddc _cBK |
||
| 999 |
_c12407 _d12407 |
||